Southville International School and Colleges
Your cart is empty.
  • Cart
  • Lists
    Public lists Eva Luna New books Lux_list list_1
    Your lists Log in to create your own lists
  • Log in to your account
  • Your cookies
  • Search history
Southville International School and Colleges
  • Advanced search
  • Recent comments
  • Most popular
  • Libraries

Log in to your account

Log in with GOOGLE


If you do not have an external account, but do have a local account, you can still log in:

  1. Home
  2. MARC view: IBM PC:
Normal view MARC view ISBD view

IBM PC: (Record no. 300821)

[ view plain ]
MARC details
000 -LEADER
fixed length control field 00686nam a2200253Ia 4500
008 - FIXED-LENGTH DATA ELEMENTS--GENERAL INFORMATION
fixed length control field 160901s9999 xx 000 0 und d
020 ## - INTERNATIONAL STANDARD BOOK NUMBER
International Standard Book Number 981-4119-27-X
050 ## - LIBRARY OF CONGRESS CALL NUMBER
Classification number ComSc QA 76.8
050 ## - LIBRARY OF CONGRESS CALL NUMBER
Item number .I12A24 2001 c.2
100 ## - MAIN ENTRY--PERSONAL NAME
Personal name Abel, Peter.
245 ## - TITLE STATEMENT
Title IBM PC:
245 ## - TITLE STATEMENT
Remainder of title assembly language and programming /
245 ## - TITLE STATEMENT
Statement of responsibility, etc Peter Abel.
250 ## - EDITION STATEMENT
Edition statement 5th Edition
260 ## - PUBLICATION, DISTRIBUTION, ETC. (IMPRINT)
Place of publication, distribution, etc Singapore :
260 ## - PUBLICATION, DISTRIBUTION, ETC. (IMPRINT)
Name of publisher, distributor, etc Pearson Education Asia Pte. Ltd.,
260 ## - PUBLICATION, DISTRIBUTION, ETC. (IMPRINT)
Date of publication, distribution, etc 2001
300 ## - PHYSICAL DESCRIPTION
Extent 545 pages :
300 ## - PHYSICAL DESCRIPTION
Other physical details ill. ;
300 ## - PHYSICAL DESCRIPTION
Dimensions 24 cm.
500 ## - GENERAL NOTE
General note Includes index.
650 ## - SUBJECT ADDED ENTRY--TOPICAL TERM
Topical term or geographic name as entry element IBM (Personal computer -- Programming).
650 ## - SUBJECT ADDED ENTRY--TOPICAL TERM
General subdivision Assembly languages (Electronic computers).
Holdings
Withdrawn status Lost status Damaged status Home library Current library Shelving location Date acquired Cost, normal purchase price Total Checkouts Full call number Barcode Date last seen Price effective from Koha item type
      South Mansfield College South Mansfield College   03/07/2005 365.00   ComSc QA 76.8 .I12A24 2001 c.2 SMC01926 09/01/2016 09/01/2016  

IBM PC:

APA

Abel P., .IBM PC. Singapore: .

Chicago

Abel Peter, .IBM PC. Singapore: .

Harvard

Abel P., .IBM PC. Singapore: .

MLA

Abel Peter, .Singapore: . .

  • Place hold
  • Print
  • Cite
  • Add to your cart (remove)
  • Save record
    BIBTEX Dublin Core MARCXML MARC (non-Unicode/MARC-8) MARC (Unicode/UTF-8) MARC (Unicode/UTF-8, Standard) MODS (XML) RIS
  • More searches
    Search for this title in:
    Other Libraries (WorldCat) Other Databases (Google Scholar) Online Stores (Bookfinder.com) Open Library (openlibrary.org)

Exporting to Dublin Core...

SOUTHVILLE LIBRARY

Southville International School and Colleges Library

1281 Tropical Ave. Cor. Luxembourg St., BF Homes International, Las Pinas City

Tel. No. 8256374 / 252358 Loc. 117/146

Powered by Koha